000 00595nam a2200217ra 4500
001 30636
003 BD-RjUL
005 20211209051608.0
008 140410s1929 enk 00100 eng d
035 _a(BD-RjUL)30722
040 _aDLC
_beng
_cLC
_dBD-RjUL
041 _aeng
082 0 4 _218
_a150
_bADE 1929
100 1 _aAdams, John,
_d1857-1934.
_990305
245 1 0 _aEveryman's psychology /
_cJohn Adams.
260 _aLondon :
_bUniversity of London Press,
_c1929.
300 _axix, 427 p. ;
_c21 cm.
504 _aIncludes index.
650 0 _aPsychology.
_993080
942 _2ddc
_cBK
999 _c30636
_d30636